Islam Aur Mushahir-E-Aalam (Record no. 3470)
[ view plain ]
| 000 -LEADER | |
|---|---|
| fixed length control field | 00589nam a2200241 a 4500 |
| 020 ## - INTERNATIONAL STANDARD BOOK NUMBER | |
| ISBN | |
| 082 00 - DEWEY DECIMAL CLASSIFICATION NUMBER | |
| Classification number | 297 |
| Author Cutter | HABI |
| 100 ## - MAIN ENTRY--AUTHOR NAME | |
| Author name | Habib, Abdullah Bin Hasan |
| 245 ## - TITLE STATEMENT | |
| Title | Islam Aur Mushahir-E-Aalam |
| 260 ## - PUBLICATION, DISTRIBUTION, ETC. (IMPRINT) | |
| Place of publication | Hyderabad |
| Name of publisher | Dhool Pet |
| Year of publication | 0000 |
| 300 ## - PHYSICAL DESCRIPTION | |
| Number of Pages | 116p. |
| 500 ## - GENERAL NOTE | |
| General note | includes index and biblioraphy |
| 505 2# - FORMATTED CONTENTS NOTE | |
| Formatted contents note | Index |
| 650 ## - SUBJECT ADDED ENTRY--TOPICAL TERM | |
| Topical Term | Islam-Meccan Trade |
| 942 ## - ADDED ENTRY ELEMENTS (KOHA) | |
| Koha item type | Books |
| 700 1# - | |
| -- | Habib, Abdullah Bin Hasan |
| Collection code | Home library | Current library | Date acquired | Cost, normal purchase price | Full call number | Accession Number | Koha item type |
|---|---|---|---|---|---|---|---|
| Henry Martyn Institute Library | Henry Martyn Institute Library | 07/27/2007 | 100.00 | 297 HABI | 07742 | Books |
